| 000 | 00502nam a2200133Ia 4500 | ||
|---|---|---|---|
| 008 | 170516s9999 xx 000 0 und d | ||
| 245 | _aDosimetric analysis of trigeminal nerve, brain stem doses in CyberKnife radiosurgery of trigeminal neuralgia | ||
| 260 | _bJournal of Medical Physics | ||
| 260 | _c2012 | ||
| 300 | _a37:3 | ||
| 650 | _xRadiologic Technology | ||
| 650 | _xRadtech | ||
| 856 | _uhttp://www.jmp.org.in/showBackIssue.asp?issn=0971-6203;year=2012;volume=37;issue=3;month=July-September | ||
| 999 |
_c332348 _d332348 |
||